000 00553 a2200181 4500
003 OSt
005 20230826115256.0
008 230826b |||||||| |||| 00| 0 eng d
020 _a9789352861873
040 _coclc
082 _a332.1068
_bSUR/M
100 _aSuresh, Padmalatha
_99348
245 _aMANAGEMENT OF BANKING AND FINANCIAL SERVICES /
_cPadmalatha Suresh, Justin Paul.
250 _a4th ed.
260 _aChennai:
_bPearson,
_c2022.
300 _a737 pages
942 _2ddc
_cBK
_h332.1068
_iSUR/M
_k332.1068
_mSUR/M
999 _c42000
_d42000